000 00584nam a22002297a 4500
999 _c4440
_d4440
001 4440
003 BD-JhCC
005 20200116134008.0
008 171127r19651969-uk |||| |||| 001 0 eng d
035 _a(BD-JhCC)
040 _aBD-JhCC
_dBD-JhCC
041 _aeng
082 _a297.822
_bSAU 1969
100 _aSaunders, J. J.
245 _aA History of Medieval Islam /
_cJ. J. Saunders
260 _aLondon :
_bRoutledge and Kegan Paul ,
_c1969.
300 _a219 p. :
_c22 cm.
504 _aIncludes Index
650 _aIslamic Empire
942 _2ddc
_cBK
_01